Escape Room! - Statistics

General Stats
  • This quiz has been taken 289 times
  • The average score is 5 of 5
Answer Stats
Word Answer % Correct
friendly F
100%
window I
99%
tired RE
95%
trick CK
92%
truth TRU
91%
No matching quizzes found
Score Distribution
Percent of People with Each Score
Percentile by Number Answered
Your Score History
You have not taken this quiz